| 000 | 00636nam a22002057a 4500 | ||
|---|---|---|---|
| 003 | OSt | ||
| 005 | 20140310183010.0 | ||
| 008 | 130211t xxu||||| |||| 00| 0 eng d | ||
| 020 | _a9789712354908 | ||
| 050 |
_aLC 4717.5 _b.M311 2009 |
||
| 245 |
_aManaging children with special needs : _b learning disability, ADHD, autism : special education handbook / |
||
| 260 |
_aManila : _bRex Book Store, _c2009. |
||
| 300 |
_ax, 304 p. : _bill. ; _c25 cm. |
||
| 521 | _aEDU | ||
| 650 | _aChildren with disabilities. | ||
| 650 |
_aSpecial education _vPrinciples and teaching. |
||
| 942 |
_2lcc _cBK _kLOC |
||
| 999 |
_c18232 _d18232 |
||